-
KAUSHIK,DR RAHUL 2-KASHYAP, MS NEHA. 3- KURMI, MR. RANJAN KUMAR. 4-SHARMA, MR. VIKASH. 5-RAWAT, MS. AKANSHA-
Entry Personal Name
Number of records used in: 1
001 - CONTROL NUMBER
003 - CONTROL NUMBER IDENTIFIER
005 - DATE AND TIME OF LATEST TRANSACTION
- control field:
20251121130243.0
008 - FIXED-LENGTH DATA ELEMENTS
- fixed length control field:
251121|| aca||aabn | a|a d
040 ## - CATALOGING SOURCE
- Original cataloging agency:
JRU
- Transcribing agency:
JRU
100 ## - HEADING--PERSONAL NAME
- Personal name:
KAUSHIK,DR RAHUL 2-KASHYAP, MS NEHA. 3- KURMI, MR. RANJAN KUMAR. 4-SHARMA, MR. VIKASH. 5-RAWAT, MS. AKANSHA-
670 ## - SOURCE DATA FOUND
- Source citation:
Work cat.: (JRU)8937: KAUSHIK,DR RAHUL 2-KASHYAP, MS NEHA. 3- KURMI, MR. RANJAN KUMAR. 4-SHARMA, MR. VIKASH. 5-RAWAT, MS. AKANSHA-, D. PHARMA EXIT EXAM [DPEE], 2025